Vertical alignment, elite power, and the democratic recess in the French health care system (Record no. 509500)

000 -LEADER
fixed length control field 01344nam a2200181 4500
008 - FIXED-LENGTH DATA ELEMENTS--GENERAL INFORMATION
fixed length control field 190510b ||||| |||| 00| 0 eng d
100 ## - MAIN ENTRY--PERSONAL NAME
Personal name Simonet, Daniel
245 ## - TITLE STATEMENT
Title Vertical alignment, elite power, and the democratic recess in the French health care system
260 ## - PUBLICATION, DISTRIBUTION, ETC. (IMPRINT)
Date of publication, distribution, etc 2018
300 ## - PHYSICAL DESCRIPTION
Extent p.1095-1106.
520 ## - SUMMARY, ETC.
Summary, etc The article critically examines administrative restructuring of the French health care system. Despite calculated benefits of New Public Management (NPM) reforms, conflicts between values escalated. NPM-endorsed decentralization never took off in France. Instead, a re-concentration of health policy decisions benefited a Ministry-level welfare elite that sought to restore fiscal discipline rather than responsiveness to users. That process triggered a clash of culture with the medical profession and was at the expense of democratic participation. The role of citizens as reform overseers, although initially contained in the NPM doctrinal puzzle, never materialized. Key issues such as greater accountability and responsibility remain unresolved. - Reproduced.
650 ## - SUBJECT ADDED ENTRY--TOPICAL TERM
Topical term or geographic name as entry element Administrative reforms
9 (RLIN) 5395
650 ## - SUBJECT ADDED ENTRY--TOPICAL TERM
Topical term or geographic name as entry element Public administration
9 (RLIN) 5396
650 ## - SUBJECT ADDED ENTRY--TOPICAL TERM
Topical term or geographic name as entry element New Public Management
9 (RLIN) 6130
773 ## - HOST ITEM ENTRY
Main entry heading International Journal of Public Administration
906 ## - LOCAL DATA ELEMENT F, LDF (RLIN)
Subject DIP Health care - France
942 ## - ADDED ENTRY ELEMENTS (KOHA)
Source of classification or shelving scheme
Item type Articles
Holdings
Withdrawn status Lost status Source of classification or shelving scheme Damaged status Not for loan Permanent location Current location Date acquired Serial Enumeration / chronology Barcode Date last seen Koha item type
          Indian Institute of Public Administration Indian Institute of Public Administration 2019-05-10 41(13), Oct, 2018: p.1095-1106. AR119669 2019-05-10 Articles

Powered by Koha